Statistiques concernant Villes les plus peuplées du monde terminant par E

Cliquez ici pour prendre le quiz!

Statistiques générales

  • Ce quiz a été pris 69 fois
  • Le résultat moyen est 6 sur 10

Statistiques - réponses

PaysVilles% Correct
ÉgypteLe Caire
100%
ÉgypteAlexandrie
88%
PhilippinesManille
85%
Viêt NamHô-Chi-Minh-Ville
68%
IndeBangalore
62%
États-UnisPhiladelphie
60%
PakistanLahore
57%
BrésilBelo Horizonte
42%
IndePune
25%
IndeSurate
12%

Distribution des résultats

Percentile par nombre de réponses

% des personnes avec chaque résultat

Votre développement - résultats

Vous n’avez pas pris ce quiz